| 000 | 01386nam a2200337 i 4500 | ||
|---|---|---|---|
| 003 | EG-GICUC | ||
| 005 | 20260121101725.0 | ||
| 008 | 260113s2001 ua ||||fr|||| 001 0 ara d | ||
| 017 | _a2000/13331 | ||
| 020 | _a9773280365 | ||
| 040 |
_a EG-GICUC _bara _c EG-GICUC _d EG-GICUC _erda |
||
| 041 | _aara | ||
| 082 | 0 | 4 |
_a343.423 _bأ م . ح _221 |
| 092 | 0 | 4 | _221 |
| 099 | _aLaw1 10 343.423 أ م . ح 2001 1006366 | ||
| 100 | 0 |
_aأمين مصطفى محمد. _eمؤلف. |
|
| 245 | 1 | 2 |
_aالحماية الإجرائية للبيئة : _bالمشكلات المتعلقة بالضبطية القضائية والإثبات في نطاق التشريعات البيئية / _cدكتور أمين مصطفى محمد. |
| 264 | 1 |
_aالإسكندرية، مصر : _bدار الجامعة الجديدة للنشر، _c2001. |
|
| 300 |
_a129 صفحة ؛ _c24 سم. |
||
| 336 |
_2rda content _atext |
||
| 337 |
_2rda media _aComputer |
||
| 338 |
_2rda carrier _aOnline Resource |
||
| 504 | _aيشتمل على ارجاعات ببليوجرافية. | ||
| 546 | _aالنص باللغة العربية | ||
| 650 | 1 |
_aالتشريعات المتعلقة بالبيئة. _2qrmak |
|
| 650 | 1 |
_aالتشريعات الجنائية الخاصة. _2qrmak |
|
| 651 | 1 | _2qrmak | |
| 856 | 4 | 0 | _uhttps://fll.law.cu.edu.eg/fulltext/bks/B10-06366.pdf |
| 905 | _a18 | ||
| 942 |
_2ddc _n0 _cBK _e21 |
||
| 999 |
_c56919 _d56919 |
||